000 00682nam a2200289Ia 4500
005 20260324143258.0
008 008 260324s9999 xx 000 0 eng d
020 _a9781315130675
037 _aEBOOK
040 _aCRL
040 _beng
040 _cCRL
041 _2eng
041 _aeng
084 _qCRL
100 _aRobert Nisbet
_91177762
245 0 _aTeachers and Scholars
245 2 _bA Memoir of Berkeley in Depression and War
260 _bTaylor and Francis
260 _c1992
365 _a
365 _b220
856 _uhttp://www.taylorfrancis.com/books/9781315130675
942 _cEBOOK
999 _c1820244
_d1820244